<?xml version="1.0" encoding="UTF-8"?>
<record
    xmlns:xsi="http://www.w3.org/2001/XMLSchema-instance"
    xsi:schemaLocation="http://www.loc.gov/MARC21/slim http://www.loc.gov/standards/marcxml/schema/MARC21slim.xsd"
    xmlns="http://www.loc.gov/MARC21/slim">

  <leader>00810nam a2200241 i 4500</leader>
  <controlfield tag="001">C00087596c</controlfield>
  <controlfield tag="005">20241029153015.0</controlfield>
  <controlfield tag="008">240614s2023    sp           |||| ||spa d</controlfield>
  <datafield tag="017" ind1=" " ind2=" ">
    <subfield code="a">LU 170-2023</subfield>
  </datafield>
  <datafield tag="020" ind1=" " ind2=" ">
    <subfield code="a">978-84-09-57840-5</subfield>
  </datafield>
  <datafield tag="040" ind1=" " ind2=" ">
    <subfield code="a">M-RABA </subfield>
    <subfield code="b">spa </subfield>
    <subfield code="c">M-RABA</subfield>
  </datafield>
  <datafield tag="100" ind1="1" ind2=" ">
    <subfield code="a">L&#xF3;pez V&#xE1;zquez, Jos&#xE9; Manuel B. (</subfield>
    <subfield code="d">1952-)</subfield>
    <subfield code="9">39045</subfield>
  </datafield>
  <datafield tag="245" ind1="1" ind2="0">
    <subfield code="a">Explicaciones de los Caprichos de Goya / </subfield>
    <subfield code="c">Jos&#xE9; Manuel B. L&#xF3;pez V&#xE1;zquez.</subfield>
  </datafield>
  <datafield tag="260" ind1=" " ind2=" ">
    <subfield code="a">Lugo : </subfield>
    <subfield code="b">Ta ta ta : </subfield>
    <subfield code="b">2023.</subfield>
  </datafield>
  <datafield tag="300" ind1=" " ind2=" ">
    <subfield code="a">2 v. [416 p. y 450 p.] : </subfield>
    <subfield code="b">il. ; </subfield>
    <subfield code="c">24 cm.</subfield>
  </datafield>
  <datafield tag="500" ind1=" " ind2=" ">
    <subfield code="a">Incluye 2 vol&#xFA;menes.</subfield>
  </datafield>
  <datafield tag="600" ind1="1" ind2="4">
    <subfield code="a">Goya, Francisco de (</subfield>
    <subfield code="d">1746-1828). </subfield>
    <subfield code="t">Los Caprichos.</subfield>
    <subfield code="9">16972</subfield>
  </datafield>
  <datafield tag="650" ind1=" " ind2="4">
    <subfield code="a">Arte-</subfield>
    <subfield code="x">Teoria.</subfield>
    <subfield code="9">79074</subfield>
  </datafield>
  <datafield tag="852" ind1="4" ind2=" ">
    <subfield code="a">M-RABA     </subfield>
    <subfield code="j">I-1982     </subfield>
  </datafield>
  <datafield tag="852" ind1="4" ind2=" ">
    <subfield code="a">M-RABA      </subfield>
    <subfield code="j">I-1983      </subfield>
  </datafield>
  <datafield tag="952" ind1=" " ind2=" ">
    <subfield code="0">0</subfield>
    <subfield code="1">0</subfield>
    <subfield code="4">0</subfield>
    <subfield code="7">0</subfield>
    <subfield code="8">NOR</subfield>
    <subfield code="a">RABASF</subfield>
    <subfield code="b">RABASF</subfield>
    <subfield code="c">DP2</subfield>
    <subfield code="d">2024-06-14</subfield>
    <subfield code="e">C</subfield>
    <subfield code="h">v. 2</subfield>
    <subfield code="l">0</subfield>
    <subfield code="o">I-1983</subfield>
    <subfield code="p">1094479</subfield>
    <subfield code="r">2024-10-15 10:10:34</subfield>
    <subfield code="w">2024-10-15</subfield>
    <subfield code="y">FONDOMODER</subfield>
    <subfield code="z">Cv. 2</subfield>
  </datafield>
  <datafield tag="952" ind1=" " ind2=" ">
    <subfield code="0">0</subfield>
    <subfield code="1">0</subfield>
    <subfield code="4">0</subfield>
    <subfield code="7">0</subfield>
    <subfield code="8">NOR</subfield>
    <subfield code="a">RABASF</subfield>
    <subfield code="b">RABASF</subfield>
    <subfield code="c">DP2</subfield>
    <subfield code="d">2024-06-14</subfield>
    <subfield code="e">C</subfield>
    <subfield code="h">v. 1</subfield>
    <subfield code="l">0</subfield>
    <subfield code="o">I-1982</subfield>
    <subfield code="p">1094478</subfield>
    <subfield code="r">2024-10-15 10:10:34</subfield>
    <subfield code="w">2024-10-15</subfield>
    <subfield code="y">FONDOMODER</subfield>
    <subfield code="z">Cv. 1</subfield>
  </datafield>
  <datafield tag="999" ind1=" " ind2=" ">
    <subfield code="c">83881</subfield>
    <subfield code="d">83881</subfield>
  </datafield>
</record>
